[Event "Tata Steel-A 80th"]
[Site "Wijk aan Zee"]
[Date "2018.01.14"]
[Round "2"]
[White "Caruana, Fabiano"]
[Black "Jones, Gawain C B"]
[Result "1/2-1/2"]
[WhiteElo "2811"]
[BlackElo "2640"]
[PlyCount "137"]
[EventDate "2018.01.13"]
[EventType "tourn"]
[EventRounds "13"]
[EventCountry "NED"]
[EventCategory "20"]
[SourceTitle "CBM 183"]
[Source "ChessBase"]
[SourceDate "2018.03.14"]
[SourceVersion "1"]
[SourceVersionDate "2018.03.14"]
[SourceQuality "1"]

1. d4 {[%emt 0:00:00]} Nf6 {[%emt 0:00:24]} 2. c4 {[%emt 0:00:00]} g6 {[%emt 0:
00:12]} 3. Nc3 {[%emt 0:00:00]} Bg7 {[%emt 0:00:07]} 4. e4 {[%emt 0:00:00]} d6
{[%emt 0:00:06] I'm not sure what else one expects from Gawain Jones!} 5. h3 {
[%emt 0:00:09]} O-O {[%emt 0:00:33]} 6. Be3 {[%emt 0:00:08]} e5 {[%emt 0:00:53]
} 7. d5 {[%emt 0:00:08] The Petrosian systems are a good place for both sides
to show class as they lead to long and yet complicated games, so this was a
predictable choice from Caruana, but as Gawain mentioned yesterday, he is not
in this event as decoration and can give as good as he gets in complex
positions.} Na6 {[%emt 0:03:22]} 8. g4 {[%emt 0:00:51]} Nc5 {[%emt 0:01:14]} 9.
f3 {[%emt 0:01:33]} h5 $5 $146 {[%emt 0:11:11] This is new according to my
database, but also quite good.} ({Previously a strong grandmaster had played
for ...f5 here with} 9... Ne8 10. Qd2 f5 11. exf5 gxf5 {and lost a long game
to a centre/kingside attack in Parligras, M-Demchenko,A Konya 2017}) 10. Qd2 {
[%emt 0:09:40]} (10. Bg5 {might have been an interesting way to execute the
same idea, trying to get the Black queen a bit out of place first.}) (10. g5
Nh7 11. h4 {would have forced Black to come up with something other than the
plan he showed in the game. My guess is that the intention was} f6 $5 12. Qd2
fxg5 13. hxg5 {and now if he had reached this position, Black might not have
been able to resist the thematic, and ironically Petrosian-like, exchange
sacrifice} Rf4 $5 14. Bxf4 exf4 15. Qxf4 Bd7 $44) 10... Nh7 {[%emt 0:03:00]}
11. O-O-O {[%emt 0:18:09]} h4 {[%emt 0:01:44] Black is threatened with a
kingside attack, so he must prevent gxh5 opening up the whole flank.} 12. Bd3 {
[%emt 0:08:23] Black can now choose between ...f5 and .. .b5 plans.} Nxd3+ {
[%emt 0:18:48]} (12... a6 {is another way of playing; even though White would
typically like to retain the light-squared bishop on say c2, here Black is on
time with ...b5 and some pawn sacrifices.} 13. Kb1 (13. Bc2 b5 14. b4 Nb7 15.
cxb5 a5 $1 $13 {is cute}) 13... Nxd3 14. Qxd3 b5 15. cxb5 axb5 16. Nxb5 Ba6 $13
{Black seems to have quite good compensation.}) 13. Qxd3 {[%emt 0:00:06]} f5 {
[%emt 0:00:17]} 14. Rh2 {[%emt 0:10:39]} (14. gxf5 gxf5 15. exf5 Bxf5 16. Ne4 {
was stereotyped, but maybe not advantageous after} Qe8 $11) 14... Kh8 {[%emt 0:
07:55]} 15. Rg2 {[%emt 0:02:01]} Bd7 {[%emt 0:10:51] Black keeps tension.} (
15... f4 {runs the risk that following} 16. Bf2 {and another 40 moves, Black
will find himself crushed on the queenside with no moves or space.}) 16. exf5 {
[%emt 0:11:03]} gxf5 {[%emt 0:00:21]} 17. g5 {[%emt 0:00:05]} f4 {[%emt 0:08:
12]} 18. Bf2 {[%emt 0:00:09]} Qe8 $6 {[%emt 0:02:57] This is completely
understandable, trying to organise ... Qh5 and ...Nf8-g6 or even ..Be8-g6, but
concretely another move was better.} (18... Rg8 {The idea is just to use the
unexpected pressure on... the g5-pawn.} 19. g6 $5 (19. Bxh4 Bh6 $11) 19... Bf6
20. Nge2 Nf8 $11 {Black will play .... Qc8 and ...Bf5 next.}) 19. Ne4 $14 {
[%emt 0:03:30]} Bf5 {[%emt 0:06:45]} 20. Bxh4 {[%emt 0:12:25]} Qh5 {[%emt 0:00:
42]} 21. Bf2 {[%emt 0:00:04]} Bxe4 {[%emt 0:00:36]} ({.Nf8-g6 and other
extravagant maneouvres do not ultimately target the White kingside pawns, for
example} 21... Rfc8 22. h4 Nf8 23. Kb1 Ng6 24. Ne2 $16 {and White can play c5
soon.}) 22. fxe4 {[%emt 0:00:07]} Nxg5 {[%emt 0:00:29]} 23. Rg4 {[%emt 0:01:44]
} Nh7 {[%emt 0:01:18]} (23... Bh6 {was another option, after which White is
also better and may manage to get more pieces off:} 24. Rh4 Qg6 25. Nf3 $1 Nf7
26. Rg1 $16) 24. Nf3 {[%emt 0:01:43]} Bf6 {[%emt 0:05:49]} 25. c5 {[%emt 0:05:
11]} Rg8 {[%emt 0:03:23]} 26. Rdg1 {[%emt 0:00:59]} Qh6 {[%emt 0:06:06]} (26...
Be7 {was also possible immediately and would have maintained the option of ...
Rxg4 and ...Qe8-a4.}) 27. Qf1 {[%emt 0:07:20]} Be7 {[%emt 0:03:13]} (27... Rxg4
28. hxg4 Rg8 $14) 28. Kc2 {[%emt 0:08:59]} (28. Bh4 $1 {would have led to a
situation reminiscent of Anand's game from yesterday, where White's practical
advantage is larger than his actual one. For instance:} Rxg4 29. hxg4 $1 Bxh4
30. Rh1 Rg8 31. cxd6 cxd6 32. Nxh4 $16) 28... Nf6 $11 {[%emt 0:06:05]} 29. Ng5
{[%emt 0:06:26]} Raf8 {[%emt 0:03:25]} 30. Ne6 {[%emt 0:00:09]} Qh7 $1 {
[%emt 0:02:37]} 31. Rh4 {[%emt 0:02:36]} Nh5 {[%emt 0:00:03]} 32. Nxf8 {
[%emt 0:00:26]} Rxf8 {[%emt 0:03:04]} (32... Qxe4+ $5 {led to a really
interesting ending:} 33. Qd3 Qxd3+ 34. Kxd3 Bxh4 35. Ng6+ Rxg6 36. Rxg6 Kh7 37.
Rg2 Bxf2 38. Rxf2 Ng3 39. cxd6 cxd6 $44 {I very much believe Black is in this
game, and all three reuslts are on the cards.}) 33. Rhg4 {[%emt 0:00:41]} Qxe4+
{[%emt 0:00:13]} 34. Qd3 {[%emt 0:00:06]} Qxd3+ {[%emt 0:00:08]} 35. Kxd3 {
[%emt 0:00:04]} e4+ {[%emt 0:00:04]} 36. Kc4 {[%emt 0:01:51]} (36. Kxe4 Nf6+
37. Kf3 $14 {would have been my choice-baby steps! Caruana wants to try and
win with an extra exchange.}) 36... dxc5 {[%emt 0:01:17]} 37. Bxc5 {[%emt 0:00:
24]} Bxc5 {[%emt 0:00:15]} 38. Kxc5 {[%emt 0:00:02]} Ng3 {[%emt 0:01:11]} 39.
Rh4+ {[%emt 0:00:35]} Kg7 {[%emt 0:00:05]} 40. Kd4 {[%emt 0:00:00]} Rf5 {
[%emt 0:00:59]} 41. Rxf4 $1 {[%emt 0:04:07] The best way to give up an
exchange.} (41. Rc1 Rf7 42. Rg4+ Kf8 {would have delayed the inevitable but
White is going to have to sac an exchange against the rolling pawns.}) 41...
Rxf4 {[%emt 0:01:09]} 42. Rxg3+ {[%emt 0:00:11]} Kf6 {[%emt 0:02:30]} 43. Rb3 {
[%emt 0:08:01]} c6 {[%emt 0:16:11] Now Black has to try and get 'b and a
against e with rooks' as connected pawns always win in these things.} (43... b6
44. Rc3 e3+ $1 {was a simple-once-you-see it way to draw:} 45. Kxe3 Ke5 46.
Rxc7 Rh4 47. Rxa7 Rxh3+ 48. Kd2 Kxd5 $11) 44. Rxb7 {[%emt 0:09:37]} (44. dxc6
bxc6 45. Rc3 {is, strangely enough, winning, for complicated reasons we shan't
go into.}) 44... cxd5 {[%emt 0:00:31]} 45. Kxd5 {[%emt 0:01:14]} e3 $1 {
[%emt 0:05:53] And this is the reason why Rxb7 isn't winning. Black's e-pawn
is far enough advanced that White cannot take a7 and then go back.} 46. Rb3 {
[%emt 0:00:14]} Rf2 {[%emt 0:08:09]} 47. Rxe3 {[%emt 0:02:45]} Rxb2 {[%emt 0:
00:50]} 48. a4 {[%emt 0:08:58]} Rb7 {[%emt 0:07:01]} 49. h4 {[%emt 0:09:59]}
Rd7+ {[%emt 0:04:57]} 50. Kc5 {[%emt 0:01:10]} Rh7 {[%emt 0:00:20]} 51. Re4 {
[%emt 0:05:21]} Rh5+ {[%emt 0:01:14]} 52. Kd6 {[%emt 0:02:26]} Kf7 {[%emt 0:06:
28]} 53. Re7+ {[%emt 0:03:00]} Kg8 {[%emt 0:00:26] Black remembers how to draw
from the side as in a Nakamura-Howell game if need be!} 54. Re4 {[%emt 0:00:55]
} Kf7 {[%emt 0:00:05]} 55. Rf4+ {[%emt 0:00:20]} Ke8 {[%emt 0:00:32]} 56. Kc7 {
[%emt 0:00:36]} Ke7 {[%emt 0:00:33]} 57. Re4+ {[%emt 0:00:18]} Kf6 {[%emt 0:00:
06]} 58. Kb7 {[%emt 0:00:23]} Rh7+ {[%emt 0:01:12]} 59. Ka6 {[%emt 0:00:48]}
Kf5 {[%emt 0:00:06]} 60. Rb4 {[%emt 0:00:00]} Ke6 {[%emt 0:00:41]} 61. a5 {
[%emt 0:06:45]} Kd6 {[%emt 0:01:56]} 62. Rf4 {[%emt 0:00:16]} Rh5 {[%emt 0:00:
32]} 63. Rg4 {[%emt 0:01:42]} Kc6 {[%emt 0:01:01]} 64. Rb4 {[%emt 0:01:14]} Rh7
{[%emt 0:01:51]} 65. Rc4+ {[%emt 0:00:24]} Kd6 {[%emt 0:00:59]} 66. Rc1 {
[%emt 0:01:07]} Rxh4 {[%emt 0:00:56]} 67. Kxa7 {[%emt 0:00:06]} Ra4 {[%emt 0:
00:47]} 68. a6 {[%emt 0:00:14]} Rb4 {[%emt 0:00:12]} 69. Ka8 $11 {[%emt 0:00:
43] Black's king is too close to the pawn.} 1/2-1/2

[Event "Tata Steel-A 80th"]
[Site "Wijk aan Zee"]
[Date "2018.01.14"]
[Round "2"]
[White "Hou, Yifan"]
[Black "Mamedyarov, Shakhriyar"]
[Result "0-1"]
[WhiteElo "2680"]
[BlackElo "2804"]
[Annotator "Fernandez,D"]
[PlyCount "96"]
[EventDate "2018.01.13"]
[EventType "tourn"]
[EventRounds "13"]
[EventCountry "NED"]
[EventCategory "20"]
[SourceTitle "CBM 183"]
[Source "ChessBase"]
[SourceDate "2018.03.14"]
[SourceVersion "1"]
[SourceVersionDate "2018.03.14"]
[SourceQuality "1"]
[TimeControl "40/6000+30:20/3000+30:900+30"]

1. e4 {[%emt 0:00:00]} e6 {[%emt 0:00:07]} 2. d4 {[%emt 0:00:00]} d5 {[%emt 0:
00:04]} 3. Nc3 {[%emt 0:00:15]} Bb4 {[%emt 0:00:10]} 4. exd5 {[%emt 0:01:29]}
exd5 {[%emt 0:00:33]} 5. Bd3 {[%emt 0:00:06]} Nc6 {[%emt 0:03:23]} 6. a3 {
[%emt 0:01:23]} Ba5 {[%emt 0:01:23] This is optimistic, ...Bxc3 is the move
you play if you would like to hold a solid draw.} 7. Nge2 {[%emt 0:10:04]} Nge7
{[%emt 0:04:29]} 8. O-O {[%emt 0:01:40]} O-O {[%emt 0:05:19]} 9. Bg5 {[%emt 0:
09:40]} (9. Na4 $5 {demands attention, because the bishop pair is almost never
bad to have. An old game by an (East) German grandmaster went:} Bf5 10. Nc5 Qc8
11. Bg5 Bb6 12. b4 Bxc5 13. dxc5 Re8 $11 {Schmittdiel,E-Uhlmann,W Germany 1992}
) 9... f6 {[%emt 0:11:03]} 10. Be3 {[%emt 0:03:14]} Bf5 {[%emt 0:02:12]} 11.
Nf4 $6 {[%emt 0:21:07] The computer sees no problem with this, but compared to
move 6, Black is much better developed and ready to take advantage of the
structural problem this implies.} Bxc3 {[%emt 0:13:27]} 12. bxc3 {[%emt 0:03:
23]} Qd7 {[%emt 0:02:49]} 13. c4 {[%emt 0:05:29]} Bxd3 {[%emt 0:00:46]} (13...
Na5 {is the engine recommendation, but the compact structure after} 14. cxd5
Nxd5 15. c4 Nxe3 16. fxe3 {may be better for White than it thinks.}) 14. Qxd3 {
[%emt 0:00:07]} Rad8 {[%emt 0:08:24]} 15. Rab1 {[%emt 0:06:06]} (15. cxd5 Nxd5
16. Nxd5 Qxd5 17. c4 $132 {is worth a look: the blitzy ...Ne5 gets the knight
trapped, and when White gets d5 in his bishop will be of equal value to the
knight.}) 15... b6 {[%emt 0:01:24]} 16. Rb5 $6 {[%emt 0:07:46] Now Black is
slightly better already - this rook is tactically weak and does not coordinate
well with the rest of the pieces.} dxc4 {[%emt 0:04:23]} 17. Qxc4+ {[%emt 0:00:
05]} Rf7 {[%emt 0:00:01]} 18. Rd1 {[%emt 0:02:50] This doesn't help either -
now everything comes with tempo.} Na5 {[%emt 0:04:43]} 19. Qd3 {[%emt 0:05:53]}
c6 {[%emt 0:00:57]} 20. Rbb1 {[%emt 0:01:36]} Qf5 $15 {[%emt 0:03:50]} 21. a4 {
[%emt 0:06:09]} (21. Qe2 Nd5 22. Nxd5 cxd5 23. Qd3 {might not be so dreadful.})
21... g5 $1 {[%emt 0:05:57]} 22. Nh5 {[%emt 0:04:22]} Qxd3 {[%emt 0:02:09]} 23.
Rxd3 {[%emt 0:00:04]} Nd5 {[%emt 0:00:06]} 24. Bd2 {[%emt 0:00:06]} Nc4 {
[%emt 0:00:31] This position is almost winning at the elite level, and
Mamedyarov's 'tactically informed technique' is nearly perfect.} 25. Re1 {
[%emt 0:01:52]} h6 {[%emt 0:04:35]} 26. h4 {[%emt 0:01:47]} (26. Re6 Rd6 27.
Re8+ Kh7 28. h3 {may have been worth a try, just to keep two active pieces})
26... Kh7 {[%emt 0:02:05]} 27. g4 {[%emt 0:06:25]} gxh4 {[%emt 0:01:49]} 28.
Re6 {[%emt 0:02:41]} Rd6 {[%emt 0:03:24]} 29. Rxd6 {[%emt 0:03:33]} Nxd6 {
[%emt 0:00:05]} 30. f3 {[%emt 0:00:36]} f5 $19 {[%emt 0:01:16]} 31. Be1 {
[%emt 0:01:16]} a5 {[%emt 0:06:48]} 32. Bxh4 {[%emt 0:02:12]} b5 {[%emt 0:01:
10]} 33. Ra3 {[%emt 0:00:44]} Nc4 {[%emt 0:03:26]} 34. Ra1 {[%emt 0:00:01]}
fxg4 {[%emt 0:00:37]} 35. fxg4 {[%emt 0:00:01]} Nde3 {[%emt 0:00:15]} 36. Nf6+
{[%emt 0:01:22]} Kg6 {[%emt 0:00:19]} 37. d5 {[%emt 0:00:06]} cxd5 {[%emt 0:03:
53]} 38. axb5 {[%emt 0:00:07]} Rxf6 {[%emt 0:00:16] Gaining material, though
there might have been some last bit of optimisation to do.} (38... Nxc2 39. Rc1
(39. Rb1 Nd2 $19) 39... Nd4 40. Kg2 Rxf6 41. Bxf6 Kxf6 42. Rb1 Nb6 {obtains
the same position with the c2-pawn gone.}) 39. Bxf6 {[%emt 0:00:03]} Kxf6 {
[%emt 0:00:03]} 40. c3 {[%emt 0:00:00]} (40. Kf2 Nxg4+ 41. Kf3 Nge5+ 42. Kf4 {
was the last try to pose practical problems, in my opinion}) 40... Ke6 $19 {
[%emt 0:02:25] Now Black's pieces all have defined roles: the Black king will
stop the b-pawn, and then take it once the a-pawn has distracted White's rook.}
41. b6 {[%emt 0:05:25]} Kd7 {[%emt 0:00:11]} 42. Rb1 {[%emt 0:00:25]} Kc8 {
[%emt 0:00:05]} 43. b7+ {[%emt 0:00:39]} Kb8 {[%emt 0:00:04]} 44. Kf2 {[%emt 0:
00:04]} a4 {[%emt 0:05:13]} 45. Ke2 {[%emt 0:04:33]} a3 {[%emt 0:03:51]} 46.
Kd3 {[%emt 0:01:52]} Nxg4 {[%emt 0:02:10]} 47. Kd4 {[%emt 0:00:31]} Nd2 {
[%emt 0:05:13]} (47... Nge3 {and ...Nc2 and ...a2 would have been as per the
original plan, but there is a tactic instead.}) 48. Rb4 {[%emt 0:04:52]} a2 {
[%emt 0:00:20]} 0-1